| 000 | 01198nam0a2200289 4500 | ||
|---|---|---|---|
| 001 | RU\NLR\BIBL_A\012592108 | ||
| 005 | 20250624080727.0 | ||
| 021 |
_aRU _b86-25754 |
||
| 035 | _a(NLR Aleph) 012592108 | ||
| 090 |
_a12555402 _c12555402 |
||
| 100 | _a20210907d1985 |||y0rusy50 ca | ||
| 101 | 0 | _arus | |
| 102 | _aRU | ||
| 105 | _ay j 000 y | ||
| 181 | 0 |
_ai _baxxe |
|
| 182 | 0 | _an | |
| 200 | 1 |
_aЭффективность строительного производства _e(курс лекций, проблемное изложение) _fА. Г. Магомедов _gДагестанский государственный университет им. В. И. Ленина, Дагестанский политехнический институт |
|
| 203 |
_aТекст _bвизуальный _cнепосредственный |
||
| 210 |
_aМахачкала _cДГУ _d1985 |
||
| 215 |
_a50 с. _d20 |
||
| 320 | _aБиблиогр.: с. 49 (14 назв.) | ||
| 700 | 1 |
_aМагомедов _bА. Г. _gАрбули Гунашевич |
|
| 701 | 1 | _a86-4/5495 | |
| 942 | _cBOOK | ||
| 980 | _aNB | ||